Participants de FireSlow UHC - Statistiques

Statistiques générales
  • Ce quiz a été pris 4 fois
  • Le résultat moyen est 27 sur 94
Statistiques - réponses
Saison d'apparition Joueur % Correct
Saison 1 Treyyyl_
100%
Saison 1 Sfakeur
75%
Saison 5 Agentad
50%
Saison 4 AmineLeZheh
50%
Saison 5 AraGhost
50%
Saison 5 Bamsir
50%
Saison 5 Boss2chameau
50%
Saison 1 DrunKoz
50%
Saison 3 Golden
50%
Saison 1 NxKrauZ
50%
Saison 5 R3dline
50%
Saison 8 Sattamuse
50%
Saison 3 Sun
50%
Saison 5 WolfEstTropLa
50%
Saison 5 0RyZe
25%
Saison 1 3P2O
25%
Saison 5 Ajonc
25%
Saison 2 ALDBZ
25%
Saison 5 Axyln
25%
Saison 5 Azode
25%
Saison 2 Bababoy06
25%
Saison 1 Baptisdoof
25%
Saison 6 Brexatis
25%
Saison 4 Choko
25%
Saison 2 ChoKolatiNe
25%
Saison 7 Deadpolvenom
25%
Saison 8 Deox
25%
Saison 5 Dicta
25%
Saison 2 Dylairlouche
25%
Saison 2 Dyn4sty
25%
Saison 7 Eclypse
25%
Saison 4 Edoww
25%
Saison 7 Exalty_CNM
25%
Saison 2 FloxkiAZ
25%
Saison 7 Fortich0
25%
Saison 4 Giivre
25%
Saison 1 GMG
25%
Saison 2 Godo
25%
Saison 2 Gogo
25%
Saison 1 Iceoxx
25%
Saison 6 Je_Back
25%
Saison 5 Jubilos13
25%
Saison 5 Jujupeter
25%
Saison 5 Kaiiyox
25%
Saison 5 Kchouky
25%
Saison 5 KiDKnight
25%
Saison 2 Kiruto
25%
Saison 3 K_Pika
25%
Saison 5 Kuraa
25%
Saison 2 Laskily
25%
Saison 1 LeKingoff
25%
Saison 7 LePtitBros
25%
Saison 3 Light_Greysor
25%
Saison 2 Locolic
25%
Saison 1 Loupail
25%
Saison 5 Lulu
25%
Saison 3 LuPingDaShi
25%
Saison 7 Massacros
25%
Saison 8 Miss_Elise
25%
Saison 1 Mxwb
25%
Saison 8 Name3333
25%
Saison 4 NickNack
25%
Saison 1 NICO_992
25%
Saison 4 NoisetteLeVrai
25%
Saison 2 Osaze
25%
Saison 7 Pawz_alex
25%
Saison 5 Piinkzy
25%
Saison 1 Pingouinsandwich
25%
Saison 4 PseudoTale
25%
Saison 3 Raph559
25%
Saison 3 Revo
25%
Saison 5 Rex_storm54
25%
Saison 7 Sharcay
25%
Saison 2 Sheol
25%
Saison 8 Simlimule
25%
Saison 2 Starfox
25%
Saison 7 TheoLTV
25%
Saison 4 TheWayzi
25%
Saison 7 Time4Sleeping
25%
Saison 2 TopazeX
25%
Saison 2 ToxicFreshKid
25%
Saison 6 Vancau
25%
Saison 1 Watashi
25%
Saison 1 Wilwil56
25%
Saison 3 Yami_chann
25%
Saison 1 ZeRiOs
25%
Saison 3 ZeTrioPiH
25%
Saison 1 ZKillou
25%
Saison 1 zVlaash
25%
Saison 4 Ilan_rsrr
0%
Saison 5 LayoXs
0%
Saison 5 MaloxFilou
0%
Saison 4 NuggetReckt
0%
Saison 7 TheGamerCool
0%
Aucun quiz correspondant
Distribution des résultats
% des personnes avec chaque résultat
Percentile par nombre de réponses
Votre historique - résultats
Vous n’avez pas pris ce quiz